20 most populous municipalities in Belgium - Statistics

General Stats
  • This quiz has been taken 202 times
  • The average score is 13 of 20
Answer Stats
Population Municipality % Correct
175.534 Brussels-City
100%
513.570 Antwerp
99%
117.886 Bruges
97%
253.266 Ghent
95%
195.968 Liège
94%
202.480 Charleroi
84%
110.646 Namur
81%
98.376 Leuven
71%
95.231 Mons
71%
76.331 Hasselt
69%
83.975 Mechelen
64%
116.332 Anderlecht
62%
75.219 Kortrijk
61%
131.030 Schaerbeek
55%
95.576 Sint-Jans-Molenbeek/Molenbeek-Saint-Jean
51%
83709 Aalst
45%
81.280 Uccle/Ukkel
39%
84.754 Ixelles/Elsene
36%
74289 Sint-Niklaas
36%
80.375 La Louvière
28%
No matching quizzes found
Score Distribution
Percent of People with Each Score
Percentile by Number Answered
Your Score History
You have not taken this quiz